书目信息 |
| 题名: |
分析化学:仪器分析部分
|
|
| 作者: | 林树昌 , 曾泳淮 编 | |
| 分册: | ||
| 出版信息: | 北京 高等教育出版社 1994.4 |
|
| 页数: | 499页 | |
| 开本: | 20cm | |
| 丛书名: | ||
| 单 册: | ||
| 中图分类: | O65 | |
| 科图分类: | ||
| 主题词: | 分析化学 , 分析(化学) | |
| 电子资源: | ||
| ISBN: | 7-04-004600-8 | |
| 000 | 00714nam0 2200229 45 | |
| 001 | 0256038939 | |
| 005 | 2002061015335866 | |
| 010 | @a7-04-004600-8@dRMB 15.10 | |
| 100 | @a20020610d1994 km y0chiy0120 ea | |
| 101 | 0 | @achi |
| 102 | @aCN@b110000 | |
| 200 | 1 | @a分析化学:仪器分析部分@Afen xi hua xue:yi qi fen xi bu fen@e仪器分析部分@f林树昌,曾泳淮编@Flin shu chang,ceng yong huai bian |
| 210 | @a北京@c高等教育出版社@d1994.4 | |
| 215 | @a499页@d20cm | |
| 517 | @a仪器分析部分@Ayi qi fen xi bu fen | |
| 606 | 0 | @a分析化学 |
| 606 | 0 | @a分析(化学) |
| 690 | @aO65@v3 | |
| 701 | 0 | @a林树昌@Alin shu chang@4编 |
| 701 | 0 | @a曾泳淮@Aceng yong huai@4编 |
| 801 | 0 | @aCN@bPFT@c20020610 |
| 905 | @a安徽大学@dO65@eL510 | |
| 分析化学:仪器分析部分:仪器分析部分/林树昌,曾泳淮编.-北京:高等教育出版社,1994.4 |
| 499页;20cm |
| ISBN 7-04-004600-8:RMB 15.10 |
| ● |
| 相关链接 |
|
|
|
正题名:分析化学:仪器分析部分
索取号:O65/L510
 
预约/预借
| 序号 | 登录号 | 条形码 | 馆藏地/架位号 | 状态 | 备注 |
| 1 | 363547 | 203635478 | 自科库401/401自科库 65排2列2层/ [索取号:O65/L510] | 在馆 | |
| 2 | 363548 | 203635487 | 自科库401/401自科库 65排2列2层/ [索取号:O65/L510] | 在馆 | |
| 3 | 363549 | 203635496 | 自科库401/401自科库 65排2列2层/ [索取号:O65/L510] | 在馆 |